[Event "European Rapid Championship 2021"]
[Site "Katowice"]
[Date "2021.12.19"]
[Round "8.15"]
[White "Janaszak, Dawid"]
[Black "Vetoshko, Volodymyr"]
[Result "0-1"]
[WhiteElo "2328"]
[BlackElo "2483"]
[Annotator "ChessBase"]
[PlyCount "62"]
[EventDate "2021.12.18"]
[EventType "swiss"]
[EventCountry "POL"]
[SourceTitle "playchess.com"]
[Source "ChessBase"]
[SourceQuality "1"]
[TimeControl "900+10"]

1. e4 {[%emt 0:00:01]} c5 {[%emt 0:00:00]} 2. Nc3 {[%emt 0:00:01]} e6 {[%emt 0:
00:01]} 3. Nge2 {[%emt 0:00:13]} Nc6 {[%emt 0:00:05]} 4. g3 {[%emt 0:00:07]} d5
{[%emt 0:00:59]} 5. exd5 {[%emt 0:00:17]} exd5 {[%emt 0:00:00]} 6. d4 {[%emt 0:
02:58]} Bg4 {[%emt 0:00:01]} 7. Bg2 {[%emt 0:01:19]} Nxd4 {[%emt 0:00:16]} 8.
h3 {[%emt 0:01:50]} Bf3 {[%emt 0:01:03]} 9. O-O {[%emt 0:01:22]} Nxe2+ {
[%emt 0:01:08]} 10. Nxe2 {[%emt 0:00:09]} Bxg2 {[%emt 0:00:05]} 11. Kxg2 {
[%emt 0:00:05]} Be7 {[%emt 0:01:02]} 12. b4 {[%emt 0:02:56]} cxb4 {[%emt 0:00:
33]} 13. Bb2 {[%emt 0:00:04]} Nf6 {[%emt 0:00:05]} 14. Nd4 {[%emt 0:00:14]} O-O
{[%emt 0:02:19]} 15. Nf5 {[%emt 0:00:03]} Re8 {[%emt 0:01:22]} 16. Re1 {
[%emt 0:01:34]} Bf8 {[%emt 0:01:11]} 17. Qf3 {[%emt 0:01:10]} g6 {[%emt 0:03:
52]} 18. Rxe8 {[%emt 0:00:28]} Nxe8 {[%emt 0:00:27]} 19. Ne3 {[%emt 0:00:44]}
Bg7 {[%emt 0:00:42]} 20. Bxg7 {[%emt 0:00:04]} Kxg7 {[%emt 0:00:13]} 21. Nxd5 {
[%emt 0:00:19]} a5 {[%emt 0:00:35]} 22. Re1 {[%emt 0:00:23]} Ra6 {[%emt 0:00:
37]} 23. Nf4 {[%emt 0:01:40]} Rc6 {[%emt 0:00:23]} 24. Qe2 {[%emt 0:00:31]} Nf6
{[%emt 0:00:04]} 25. Rd1 {[%emt 0:00:24]} Rd6 {[%emt 0:00:10]} 26. Rxd6 {
[%emt 0:00:19]} Qxd6 {[%emt 0:00:01]} 27. Kh2 {[%emt 0:00:10]} Qc6 {[%emt 0:00:
37]} 28. Qe7 {[%emt 0:00:12]} g5 {[%emt 0:00:36]} 29. Nd3 {[%emt 0:00:07]} Qxc2
{[%emt 0:00:11]} 30. Ne5 {[%emt 0:00:14]} Qxf2+ {[%emt 0:00:02]} 31. Kh1 {
[%emt 0:00:01]} Ne4 {[%emt 0:00:13]} 0-1

[Event "European Rapid Championship 2021"]
[Site "Katowice"]
[Date "2021.12.19"]
[Round "8.15"]
[White "Seemann, Jakub"]
[Black "Bogdanov, Ignat"]
[Result "1-0"]
[WhiteElo "1862"]
[BlackElo "2058"]
[Annotator "NA"]
[PlyCount "111"]
[EventDate "2021.12.18"]
[EventType "swiss"]
[EventCountry "POL"]
[SourceTitle "playchess.com"]
[Source "ChessBase"]
[SourceQuality "1"]
[TimeControl "900+10"]

1. d4 {[%emt 0:00:02]} d5 {[%emt 0:00:02]} 2. c4 {[%emt 0:00:01]} dxc4 {
[%emt 0:00:02]} 3. e3 {[%emt 0:00:05]} c5 {[%emt 0:00:01]} 4. Bxc4 {[%emt 0:00:
07]} cxd4 {[%emt 0:00:02]} 5. exd4 {[%emt 0:00:04]} e6 {[%emt 0:00:02]} 6. Nf3
{[%emt 0:00:04]} Nf6 {[%emt 0:00:02]} 7. O-O {[%emt 0:00:04]} Be7 {[%emt 0:00:
02]} 8. Nc3 {[%emt 0:00:06]} O-O {[%emt 0:00:03]} 9. Qe2 {[%emt 0:00:04]} a6 {
[%emt 0:00:08]} 10. Rd1 {[%emt 0:00:28]} b5 {[%emt 0:00:40]} 11. Bb3 {[%emt 0:
00:07]} Bb7 {[%emt 0:00:05]} 12. Ne5 {[%emt 0:00:56]} Nd5 {[%emt 0:04:38]} 13.
Bc2 {[%emt 0:01:30]} Nxc3 {[%emt 0:02:40]} 14. bxc3 {[%emt 0:00:12]} Bf6 {
[%emt 0:00:10]} 15. Ba3 {[%emt 0:01:03]} Be7 {[%emt 0:03:36]} 16. Qh5 {[%emt 0:
00:16]} f5 {[%emt 0:00:31]} 17. Bb3 {[%emt 0:00:23]} Bd5 {[%emt 0:01:31]} 18.
Bxd5 {[%emt 0:00:02]} exd5 {[%emt 0:00:01]} 19. Bxe7 {[%emt 0:00:12]} Qxe7 {
[%emt 0:00:01]} 20. Rd3 {[%emt 0:00:19]} Qe8 {[%emt 0:01:56]} 21. Qf3 {[%emt 0:
02:48]} Qd8 {[%emt 0:00:23]} 22. Re1 {[%emt 0:00:12]} Qd6 {[%emt 0:00:27]} 23.
Qh5 {[%emt 0:01:22]} g6 {[%emt 0:00:14]} 24. Qh6 {[%emt 0:03:07]} Ra7 {[%emt 0:
00:16]} 25. Rde3 {[%emt 0:00:28]} Rg7 {[%emt 0:00:15]} 26. Nf3 {[%emt 0:00:22]}
Nc6 {[%emt 0:00:31]} 27. Ng5 {[%emt 0:00:16]} Nd8 {[%emt 0:00:01]} 28. Rg3 {
[%emt 0:01:07]} f4 {[%emt 0:00:35]} 29. Rg4 {[%emt 0:00:02]} Re7 {[%emt 0:00:
35]} 30. Re5 {[%emt 0:00:34]} Rf6 {[%emt 0:00:24]} 31. Rh4 {[%emt 0:01:44]} Qd7
{[%emt 0:00:01]} 32. h3 {[%emt 0:01:22]} Ne6 {[%emt 0:00:01]} 33. Nxe6 {
[%emt 0:00:34]} Rexe6 {[%emt 0:00:03]} 34. Rxe6 {[%emt 0:00:13]} Rxe6 {[%emt 0:
00:01]} 35. Rxf4 {[%emt 0:00:05]} Qe7 {[%emt 0:00:01]} 36. Rf3 {[%emt 0:00:17]}
Re1+ {[%emt 0:00:01]} 37. Kh2 {[%emt 0:00:01]} Qc7+ {[%emt 0:00:08]} 38. g3 {
[%emt 0:00:13]} Qe7 {[%emt 0:00:04]} 39. Qf4 {[%emt 0:00:10]} Kg7 {[%emt 0:00:
19]} 40. h4 {[%emt 0:00:01]} Re4 {[%emt 0:00:14]} 41. Qb8 {[%emt 0:00:15]} Re6
{[%emt 0:00:17]} 42. Qa8 {[%emt 0:00:14]} Rd6 {[%emt 0:00:02]} 43. Re3 {
[%emt 0:00:08]} Re6 {[%emt 0:00:12]} 44. Rf3 {[%emt 0:00:24]} Rd6 {[%emt 0:00:
01]} 45. Kg2 {[%emt 0:00:02]} Qd8 {[%emt 0:00:44]} 46. Qa7+ {[%emt 0:00:12]}
Qd7 {[%emt 0:00:02]} 47. Qc5 {[%emt 0:00:02]} Qc6 {[%emt 0:00:07]} 48. Qa3 {
[%emt 0:00:12]} Qd7 {[%emt 0:00:06]} 49. Qc1 {[%emt 0:00:14]} Re6 {[%emt 0:00:
09]} 50. h5 {[%emt 0:00:13]} gxh5 {[%emt 0:00:32]} 51. Qg5+ {[%emt 0:00:04]}
Rg6 {[%emt 0:00:02]} 52. Qe5+ {[%emt 0:00:14]} Kh6 {[%emt 0:00:35]} 53. Rf5 {
[%emt 0:00:10]} Rd6 {[%emt 0:00:11]} 54. Rxh5+ {[%emt 0:00:06]} Kg6 {[%emt 0:
00:02]} 55. Qg5+ {[%emt 0:00:01]} Kf7 {[%emt 0:00:01]} 56. Rxh7+ {[%emt 0:00:
01]} 1-0

[Event "European Rapid Championship 2021"]
[Site "Katowice"]
[Date "2021.12.19"]
[Round "8.16"]
[White "Karpus, Michal"]
[Black "Gumularz, Szymon"]
[Result "0-1"]
[WhiteElo "2185"]
[BlackElo "2452"]
[Annotator "ChessBase"]
[PlyCount "110"]
[EventDate "2021.12.18"]
[EventType "swiss"]
[EventCountry "POL"]
[SourceTitle "playchess.com"]
[Source "ChessBase"]
[SourceQuality "1"]
[TimeControl "900+10"]

1. e4 {[%emt 0:00:01]} e5 {[%emt 0:00:01]} 2. Nf3 {[%emt 0:00:01]} Nc6 {
[%emt 0:00:01]} 3. Bb5 {[%emt 0:00:02]} a6 {[%emt 0:00:03]} 4. Ba4 {[%emt 0:00:
01]} d6 {[%emt 0:00:03]} 5. c3 {[%emt 0:00:08]} Bd7 {[%emt 0:00:04]} 6. O-O {
[%emt 0:00:11]} Nf6 {[%emt 0:00:02]} 7. Re1 {[%emt 0:00:12]} g6 {[%emt 0:00:05]
} 8. d4 {[%emt 0:00:33]} Bg7 {[%emt 0:00:02]} 9. Bxc6 {[%emt 0:01:15]} Bxc6 {
[%emt 0:00:13]} 10. dxe5 {[%emt 0:00:02]} Nxe4 {[%emt 0:01:33]} 11. exd6 {
[%emt 0:00:36]} O-O {[%emt 0:00:04]} 12. Bf4 {[%emt 0:03:09]} Nxd6 {[%emt 0:00:
18]} 13. Ne5 {[%emt 0:01:14]} Bxe5 {[%emt 0:02:18]} 14. Bxe5 {[%emt 0:00:21]}
Nc4 {[%emt 0:01:04]} 15. Qxd8 {[%emt 0:01:32]} Rfxd8 {[%emt 0:00:02]} 16. Bxc7
{[%emt 0:00:02]} Re8 {[%emt 0:00:01]} 17. Na3 {[%emt 0:00:28]} Nxb2 {[%emt 0:
00:02]} 18. Rxe8+ {[%emt 0:01:03]} Rxe8 {[%emt 0:00:02]} 19. Nc2 {[%emt 0:01:
04]} Na4 {[%emt 0:00:19]} 20. c4 {[%emt 0:00:13]} Re4 {[%emt 0:00:52]} 21. Ne3
{[%emt 0:00:35]} f5 {[%emt 0:00:03]} 22. Rc1 {[%emt 0:00:15]} Kf7 {[%emt 0:00:
09]} 23. Kf1 {[%emt 0:00:34]} Rd4 {[%emt 0:00:13]} 24. Ke2 {[%emt 0:00:54]} Ke6
{[%emt 0:00:10]} 25. f3 {[%emt 0:00:25]} f4 {[%emt 0:01:10]} 26. Nd1 {[%emt 0:
00:28]} g5 {[%emt 0:00:17]} 27. Ba5 {[%emt 0:00:54]} Kf5 {[%emt 0:00:22]} 28.
Be1 {[%emt 0:00:39]} h5 {[%emt 0:00:14]} 29. Bf2 {[%emt 0:00:01]} Rd7 {[%emt 0:
00:04]} 30. h3 {[%emt 0:00:16]} g4 {[%emt 0:00:05]} 31. hxg4+ {[%emt 0:00:02]}
hxg4 {[%emt 0:00:02]} 32. Nc3 {[%emt 0:01:23]} Nb2 {[%emt 0:00:23]} 33. fxg4+ {
[%emt 0:00:48]} Kxg4 {[%emt 0:00:02]} 34. Nd5 {[%emt 0:00:06]} Bxd5 {[%emt 0:
01:43]} 35. cxd5 {[%emt 0:00:02]} Rxd5 {[%emt 0:00:02]} 36. Rb1 {[%emt 0:00:00]
} Nc4 {[%emt 0:00:24]} 37. Rxb7 {[%emt 0:00:23]} Rd2+ {[%emt 0:00:02]} 38. Kf1
{[%emt 0:00:09]} Rxa2 {[%emt 0:00:04]} 39. Bd4 {[%emt 0:00:15]} Kf5 {[%emt 0:
00:26]} 40. Rf7+ {[%emt 0:01:08]} Ke4 {[%emt 0:00:02]} 41. Ba7 {[%emt 0:00:04]}
a5 {[%emt 0:01:49]} 42. Re7+ {[%emt 0:00:05]} Kd5 {[%emt 0:00:02]} 43. Rf7 {
[%emt 0:00:09]} Ra1+ {[%emt 0:01:25]} 44. Kf2 {[%emt 0:00:08]} Ne5 {[%emt 0:00:
04]} 45. Rf5 {[%emt 0:00:28]} Ke4 {[%emt 0:00:05]} 46. Rf8 {[%emt 0:00:01]} a4
{[%emt 0:00:18]} 47. Re8 {[%emt 0:00:06]} Ra2+ {[%emt 0:00:37]} 48. Kf1 {
[%emt 0:00:02]} Ra1+ {[%emt 0:00:27]} 49. Kf2 {[%emt 0:00:01]} Kd5 {[%emt 0:00:
05]} 50. Bb8 {[%emt 0:00:07]} Nd3+ {[%emt 0:00:06]} 51. Kf3 {[%emt 0:00:08]}
Rf1+ {[%emt 0:00:11]} 52. Kg4 {[%emt 0:00:10]} a3 {[%emt 0:00:03]} 53. Re2 {
[%emt 0:00:18]} Rf2 {[%emt 0:00:14]} 54. Rxf2 {[%emt 0:00:43]} Nxf2+ {[%emt 0:
00:02]} 55. Kf5 {[%emt 0:00:01]} Nd3 {[%emt 0:00:12]} 0-1

[Event "European Rapid Championship 2021"]
[Site "Katowice"]
[Date "2021.12.19"]
[Round "8.16"]
[White "Derejczyk, Mateusz"]
[Black "Niedbala, Bartlomiej"]
[Result "0-1"]
[WhiteElo "1520"]
[BlackElo "2131"]
[Annotator "NA"]
[PlyCount "90"]
[EventDate "2021.12.18"]
[EventType "swiss"]
[EventCountry "POL"]
[SourceTitle "playchess.com"]
[Source "ChessBase"]
[SourceQuality "1"]
[TimeControl "900+10"]

1. e4 {[%emt 0:00:01]} c6 {[%emt 0:00:31]} 2. d4 {[%emt 0:00:02]} d5 {[%emt 0:
00:01]} 3. exd5 {[%emt 0:00:02]} cxd5 {[%emt 0:00:01]} 4. c4 {[%emt 0:00:02]}
Nf6 {[%emt 0:00:09]} 5. Nc3 {[%emt 0:00:04]} g6 {[%emt 0:00:01]} 6. Nf3 {
[%emt 0:00:02]} Bg7 {[%emt 0:00:01]} 7. cxd5 {[%emt 0:00:02]} Nxd5 {[%emt 0:00:
05]} 8. Bc4 {[%emt 0:00:04]} Nb6 {[%emt 0:00:08]} 9. Bb3 {[%emt 0:00:05]} O-O {
[%emt 0:00:02]} 10. Be3 {[%emt 0:00:03]} Nc6 {[%emt 0:00:03]} 11. O-O {[%emt 0:
00:07]} Na5 {[%emt 0:00:53]} 12. h3 {[%emt 0:00:28]} Nxb3 {[%emt 0:00:09]} 13.
Qxb3 {[%emt 0:00:03]} Be6 {[%emt 0:00:03]} 14. Qb4 {[%emt 0:00:56]} Rc8 {
[%emt 0:02:00]} 15. Rfd1 {[%emt 0:00:54]} Nd5 {[%emt 0:00:08]} 16. Qxb7 {
[%emt 0:00:51]} Rc7 {[%emt 0:01:05]} 17. Qa6 {[%emt 0:00:28]} Nxe3 {[%emt 0:00:
15]} 18. fxe3 {[%emt 0:00:03]} Bc4 {[%emt 0:00:02]} 19. Qa5 {[%emt 0:00:54]}
Bh6 {[%emt 0:00:02]} 20. Kf2 {[%emt 0:00:27]} Qb8 {[%emt 0:00:56]} 21. Rd2 {
[%emt 0:00:45]} Rfc8 {[%emt 0:00:15]} 22. Ne5 {[%emt 0:00:32]} Be6 {[%emt 0:00:
01]} 23. Ng4 {[%emt 0:00:28]} Bg7 {[%emt 0:01:51]} 24. Rad1 {[%emt 0:02:57]}
Rb7 {[%emt 0:00:39]} 25. Qa3 {[%emt 0:00:30]} h5 {[%emt 0:00:40]} 26. Ne5 {
[%emt 0:00:37]} Bxe5 {[%emt 0:00:02]} 27. dxe5 {[%emt 0:00:01]} Qxe5 {[%emt 0:
00:02]} 28. Rd8+ {[%emt 0:00:40]} Rxd8 {[%emt 0:00:01]} 29. Rxd8+ {[%emt 0:00:
01]} Kh7 {[%emt 0:00:02]} 30. Nd1 {[%emt 0:00:46]} Rc7 {[%emt 0:01:07]} 31. Rd2
{[%emt 0:01:00]} h4 {[%emt 0:00:01]} 32. Qb4 {[%emt 0:01:08]} Qg3+ {[%emt 0:00:
15]} 33. Kf1 {[%emt 0:00:01]} Bc4+ {[%emt 0:00:57]} 34. Kg1 {[%emt 0:00:21]}
Qe1+ {[%emt 0:00:02]} 35. Kh2 {[%emt 0:00:03]} Rd7 {[%emt 0:00:01]} 36. Qxc4 {
[%emt 0:00:49]} Qg3+ {[%emt 0:01:00]} 37. Kg1 {[%emt 0:00:26]} Rxd2 {[%emt 0:
00:25]} 38. Qxf7+ {[%emt 0:00:02]} Kh6 {[%emt 0:00:01]} 39. Qf1 {[%emt 0:00:43]
} Kg7 {[%emt 0:00:35]} 40. a4 {[%emt 0:00:25]} a5 {[%emt 0:00:16]} 41. Kh1 {
[%emt 0:00:03]} Rc2 {[%emt 0:01:05]} 42. Kg1 {[%emt 0:00:24]} Rc1 {[%emt 0:00:
31]} 43. Qd3 {[%emt 0:00:32]} Qe1+ {[%emt 0:00:13]} 44. Kh2 {[%emt 0:00:06]}
Rxd1 {[%emt 0:00:03]} 45. Qc3+ {[%emt 0:00:14]} Qxc3 {[%emt 0:00:02]} 0-1

[Event "European Rapid Championship 2021"]
[Site "Katowice"]
[Date "2021.12.19"]
[Round "8.17"]
[White "Reimanis, Ritvars"]
[Black "Jonsson, Gauti Pall"]
[Result "1/2-1/2"]
[WhiteElo "2397"]
[BlackElo "2014"]
[Annotator "NA"]
[PlyCount "94"]
[EventDate "2021.12.18"]
[EventType "swiss"]
[EventCountry "POL"]
[SourceTitle "playchess.com"]
[Source "ChessBase"]
[SourceQuality "1"]
[TimeControl "900+10"]

1. Nf3 {[%emt 0:00:03]} Nf6 {[%emt 0:00:04]} 2. d4 {[%emt 0:00:01]} b6 {
[%emt 0:00:08]} 3. g3 {[%emt 0:00:04]} Bb7 {[%emt 0:00:03]} 4. Bg2 {[%emt 0:00:
02]} g6 {[%emt 0:00:07]} 5. O-O {[%emt 0:00:14]} Bg7 {[%emt 0:00:03]} 6. Re1 {
[%emt 0:00:12]} O-O {[%emt 0:00:20]} 7. c4 {[%emt 0:00:41]} d6 {[%emt 0:00:58]}
8. d5 {[%emt 0:01:31]} c6 {[%emt 0:00:43]} 9. e4 {[%emt 0:00:07]} cxd5 {
[%emt 0:00:02]} 10. exd5 {[%emt 0:00:26]} b5 {[%emt 0:00:37]} 11. Qb3 {[%emt 0:
01:31]} Qb6 {[%emt 0:02:24]} 12. Rxe7 {[%emt 0:02:43]} Nbd7 {[%emt 0:00:35]}
13. Na3 {[%emt 0:03:42]} bxc4 {[%emt 0:00:53]} 14. Nxc4 {[%emt 0:01:53]} Qd8 {
[%emt 0:00:59]} 15. Re1 {[%emt 0:00:02]} Bxd5 {[%emt 0:00:01]} 16. Qd3 {
[%emt 0:01:17]} Nc5 {[%emt 0:00:04]} 17. Qf1 {[%emt 0:00:24]} Rc8 {[%emt 0:00:
29]} 18. Bf4 {[%emt 0:00:58]} Ne6 {[%emt 0:00:41]} 19. Rac1 {[%emt 0:01:21]}
Nxf4 {[%emt 0:00:05]} 20. gxf4 {[%emt 0:00:01]} Nh5 {[%emt 0:00:25]} 21. Ne3 {
[%emt 0:00:01]} Bxf3 {[%emt 0:00:19]} 22. Rxc8 {[%emt 0:00:19]} Qxc8 {[%emt 0:
00:02]} 23. Bxf3 {[%emt 0:00:02]} Nxf4 {[%emt 0:00:01]} 24. Nd5 {[%emt 0:00:23]
} Nxd5 {[%emt 0:00:12]} 25. Bxd5 {[%emt 0:00:01]} Qf5 {[%emt 0:00:04]} 26. Qc4
{[%emt 0:00:19]} Be5 {[%emt 0:00:22]} 27. Bg2 {[%emt 0:00:24]} Bxb2 {[%emt 0:
00:13]} 28. Re7 {[%emt 0:00:17]} Be5 {[%emt 0:00:28]} 29. Rxa7 {[%emt 0:00:20]}
Rb8 {[%emt 0:00:21]} 30. Ra8 {[%emt 0:00:17]} Qb1+ {[%emt 0:00:06]} 31. Qf1 {
[%emt 0:00:01]} Qxf1+ {[%emt 0:00:39]} 32. Kxf1 {[%emt 0:00:02]} Rxa8 {[%emt 0:
00:13]} 33. Bxa8 {[%emt 0:00:01]} Kf8 {[%emt 0:00:09]} 34. h3 {[%emt 0:00:05]}
Ke7 {[%emt 0:00:02]} 35. Bd5 {[%emt 0:00:04]} f6 {[%emt 0:00:12]} 36. Ke2 {
[%emt 0:00:02]} Kd7 {[%emt 0:00:03]} 37. Ke3 {[%emt 0:00:08]} Kc7 {[%emt 0:00:
04]} 38. Ke4 {[%emt 0:00:06]} Kb6 {[%emt 0:00:11]} 39. f4 {[%emt 0:00:01]} f5+
{[%emt 0:00:16]} 40. Ke3 {[%emt 0:00:02]} Kc5 {[%emt 0:00:12]} 41. Bg8 {
[%emt 0:00:08]} Bd4+ {[%emt 0:00:47]} 42. Kf3 {[%emt 0:00:13]} h6 {[%emt 0:00:
01]} 43. Bh7 {[%emt 0:00:05]} g5 {[%emt 0:00:02]} 44. Bxf5 {[%emt 0:00:11]}
gxf4 {[%emt 0:00:11]} 45. Kxf4 {[%emt 0:00:01]} Bb2 {[%emt 0:00:08]} 46. Ke3 {
[%emt 0:00:06]} Kc4 {[%emt 0:00:29]} 47. Kd2 {[%emt 0:00:10]} Ba3 {[%emt 0:00:
21]} 1/2-1/2

[Event "European Rapid Championship 2021"]
[Site "Katowice"]
[Date "2021.12.19"]
[Round "8.17"]
[White "Lach, Aleksandra"]
[Black "Dragnev, Valentin"]
[Result "0-1"]
[WhiteElo "2132"]
[BlackElo "2409"]
[Annotator "NA"]
[PlyCount "114"]
[EventDate "2021.12.18"]
[EventType "swiss"]
[EventCountry "POL"]
[SourceTitle "playchess.com"]
[Source "ChessBase"]
[SourceQuality "1"]
[TimeControl "900+10"]

1. e4 {[%emt 0:00:03]} d5 {[%emt 0:00:02]} 2. exd5 {[%emt 0:00:25]} Qxd5 {
[%emt 0:00:02]} 3. Nf3 {[%emt 0:00:02]} Bg4 {[%emt 0:00:05]} 4. Be2 {[%emt 0:
00:02]} Nc6 {[%emt 0:00:03]} 5. d4 {[%emt 0:00:49]} O-O-O {[%emt 0:00:24]} 6.
Be3 {[%emt 0:00:02]} e5 {[%emt 0:03:09]} 7. c4 {[%emt 0:00:02]} Qa5+ {[%emt 0:
04:48]} 8. Bd2 {[%emt 0:00:05]} Bb4 {[%emt 0:00:04]} 9. d5 {[%emt 0:01:48]}
Bxf3 {[%emt 0:01:19]} 10. Bxf3 {[%emt 0:00:50]} Nd4 {[%emt 0:00:03]} 11. Nc3 {
[%emt 0:00:41]} Qa6 {[%emt 0:00:54]} 12. Be2 {[%emt 0:01:50]} Nf6 {[%emt 0:00:
26]} 13. a3 {[%emt 0:02:07]} Bxc3 {[%emt 0:00:32]} 14. Bxc3 {[%emt 0:00:29]}
Nxe2 {[%emt 0:00:18]} 15. Qxe2 {[%emt 0:00:03]} Rhe8 {[%emt 0:00:03]} 16. O-O-O
{[%emt 0:02:29]} Kb8 {[%emt 0:00:13]} 17. Rhe1 {[%emt 0:00:07]} Nd7 {[%emt 0:
00:25]} 18. Bb4 {[%emt 0:01:39]} Qh6+ {[%emt 0:01:27]} 19. Qe3 {[%emt 0:00:02]}
Qh4 {[%emt 0:00:49]} 20. b3 {[%emt 0:00:21]} f5 {[%emt 0:00:46]} 21. g3 {
[%emt 0:02:21]} Qh5 {[%emt 0:00:03]} 22. Qe2 {[%emt 0:00:33]} Qh6+ {[%emt 0:00:
13]} 23. Kb2 {[%emt 0:00:27]} e4 {[%emt 0:00:15]} 24. f4 {[%emt 0:00:27]} g5 {
[%emt 0:00:27]} 25. Qf2 {[%emt 0:00:30]} gxf4 {[%emt 0:00:20]} 26. gxf4 {
[%emt 0:00:12]} Nf6 {[%emt 0:00:01]} 27. d6 {[%emt 0:00:17]} c6 {[%emt 0:00:50]
} 28. Ba5 {[%emt 0:00:09]} Rd7 {[%emt 0:00:08]} 29. Bc7+ {[%emt 0:00:12]} Ka8 {
[%emt 0:00:02]} 30. Re2 {[%emt 0:00:10]} Ng4 {[%emt 0:00:24]} 31. Qg3 {[%emt 0:
00:12]} Qf6+ {[%emt 0:00:15]} 32. Ka2 {[%emt 0:00:01]} Qe6 {[%emt 0:00:09]} 33.
h3 {[%emt 0:00:18]} Nf6 {[%emt 0:00:02]} 34. Qe3 {[%emt 0:00:22]} Rc8 {[%emt 0:
00:11]} 35. Rg1 {[%emt 0:00:07]} Ne8 {[%emt 0:00:05]} 36. Reg2 {[%emt 0:00:13]}
Nxd6 {[%emt 0:00:13]} 37. Bxd6 {[%emt 0:00:16]} Rxd6 {[%emt 0:00:08]} 38. Qc3 {
[%emt 0:00:16]} Rd3 {[%emt 0:00:14]} 39. Qb4 {[%emt 0:00:08]} c5 {[%emt 0:00:
31]} 40. Qe1 {[%emt 0:00:17]} Rcd8 {[%emt 0:00:13]} 41. Re2 {[%emt 0:00:10]} a6
{[%emt 0:00:21]} 42. Rg3 {[%emt 0:00:14]} Qd6 {[%emt 0:00:21]} 43. Rge3 {
[%emt 0:00:07]} Qxf4 {[%emt 0:00:07]} 44. Rxd3 {[%emt 0:00:08]} Rxd3 {[%emt 0:
00:02]} 45. Qa5 {[%emt 0:00:03]} Qf1 {[%emt 0:00:30]} 46. Rc2 {[%emt 0:00:21]}
Qg1 {[%emt 0:00:14]} 47. Qc7 {[%emt 0:00:17]} Ka7 {[%emt 0:00:20]} 48. a4 {
[%emt 0:00:02]} Qd4 {[%emt 0:00:11]} 49. a5 {[%emt 0:00:18]} Qd6 {[%emt 0:00:
06]} 50. Qxh7 {[%emt 0:00:11]} Rd2 {[%emt 0:00:22]} 51. Rxd2 {[%emt 0:00:09]}
Qxd2+ 52. Kb1 Qd3+ {[%emt 0:00:03]} 53. Kb2 {[%emt 0:00:05]} Qd2+ {[%emt 0:00:
02]} 54. Kb1 {[%emt 0:00:02]} Qd3+ {[%emt 0:00:21]} 55. Kb2 {[%emt 0:00:00]} e3
{[%emt 0:00:07]} 56. Qc7 {[%emt 0:00:43]} Qd4+ {[%emt 0:00:02]} 57. Ka2 {
[%emt 0:00:07]} e2 {[%emt 0:00:32]} 0-1

[Event "European Rapid Championship 2021"]
[Site "Katowice"]
[Date "2021.12.19"]
[Round "8.18"]
[White "Teclaf, Pawel"]
[Black "Mis, Mieszko"]
[Result "1/2-1/2"]
[WhiteElo "2345"]
[BlackElo "2237"]
[Annotator "NA"]
[PlyCount "39"]
[EventDate "2021.12.18"]
[EventType "swiss"]
[EventCountry "POL"]
[SourceTitle "playchess.com"]
[Source "ChessBase"]
[SourceQuality "1"]
[TimeControl "900+10"]

1. b3 {[%emt 0:00:02]} Nf6 {[%emt 0:00:31]} 2. Bb2 {[%emt 0:00:05]} e6 {
[%emt 0:00:01]} 3. Nf3 {[%emt 0:00:19]} Be7 {[%emt 0:00:29]} 4. g3 {[%emt 0:00:
06]} b6 {[%emt 0:00:52]} 5. Bg2 {[%emt 0:00:06]} Bb7 {[%emt 0:00:02]} 6. O-O {
[%emt 0:00:02]} O-O {[%emt 0:00:02]} 7. c4 {[%emt 0:00:04]} d5 {[%emt 0:00:55]}
8. cxd5 {[%emt 0:01:31]} Nxd5 {[%emt 0:00:29]} 9. Nc3 {[%emt 0:00:17]} Nxc3 {
[%emt 0:00:41]} 10. Bxc3 {[%emt 0:00:05]} c5 {[%emt 0:00:32]} 11. Rc1 {[%emt 0:
00:53]} Nc6 {[%emt 0:02:59]} 12. Qc2 {[%emt 0:03:27]} Bf6 {[%emt 0:01:35]} 13.
Rfd1 {[%emt 0:01:05]} Bxc3 {[%emt 0:00:29]} 14. Qxc3 {[%emt 0:01:18]} Qe7 {
[%emt 0:00:12]} 15. d4 {[%emt 0:00:58]} cxd4 {[%emt 0:01:56]} 16. Nxd4 {
[%emt 0:00:02]} Nxd4 {[%emt 0:00:01]} 17. Qxd4 {[%emt 0:00:38]} Bxg2 {[%emt 0:
01:34]} 18. Kxg2 {[%emt 0:00:02]} Rfd8 {[%emt 0:00:23]} 19. Qe4 {[%emt 0:00:11]
} Rac8 {[%emt 0:00:34]} 20. b4 {[%emt 0:03:41]} 1/2-1/2

[Event "European Rapid Championship 2021"]
[Site "Katowice"]
[Date "2021.12.19"]
[Round "8.18"]
[White "Malek, Jan"]
[Black "Nasuta, Grzegorz"]
[Result "0-1"]
[WhiteElo "2029"]
[BlackElo "2345"]
[Annotator "NA"]
[PlyCount "94"]
[EventDate "2021.12.18"]
[EventType "swiss"]
[EventCountry "POL"]
[SourceTitle "playchess.com"]
[Source "ChessBase"]
[SourceQuality "1"]
[TimeControl "900+10"]

1. e4 {[%emt 0:00:01]} c5 {[%emt 0:00:01]} 2. Nf3 {[%emt 0:00:02]} d6 {[%emt 0:
00:02]} 3. Bb5+ {[%emt 0:00:03]} Nd7 {[%emt 0:00:02]} 4. Ba4 {[%emt 0:00:01]}
Ngf6 {[%emt 0:00:06]} 5. O-O {[%emt 0:00:03]} e6 {[%emt 0:00:20]} 6. Re1 {
[%emt 0:00:02]} Be7 {[%emt 0:00:01]} 7. c3 {[%emt 0:00:02]} O-O {[%emt 0:00:11]
} 8. d4 {[%emt 0:00:02]} a6 {[%emt 0:01:59]} 9. Bc2 {[%emt 0:00:02]} e5 {
[%emt 0:00:19]} 10. Nbd2 {[%emt 0:01:27]} b5 {[%emt 0:00:05]} 11. a4 {[%emt 0:
00:09]} Bb7 {[%emt 0:00:02]} 12. dxe5 {[%emt 0:00:16]} dxe5 {[%emt 0:00:19]}
13. Qe2 {[%emt 0:00:03]} Qb6 {[%emt 0:01:28]} 14. Nf1 {[%emt 0:00:47]} c4 {
[%emt 0:00:10]} 15. Ng3 {[%emt 0:00:07]} g6 {[%emt 0:00:33]} 16. Bg5 {[%emt 0:
00:36]} Rfe8 {[%emt 0:00:21]} 17. h3 {[%emt 0:01:19]} Bf8 {[%emt 0:00:13]} 18.
Red1 {[%emt 0:01:38]} Nc5 {[%emt 0:00:35]} 19. Qe3 {[%emt 0:03:39]} Qc6 {
[%emt 0:00:05]} 20. axb5 {[%emt 0:00:12]} axb5 {[%emt 0:00:02]} 21. Rxa8 {
[%emt 0:00:34]} Bxa8 {[%emt 0:00:01]} 22. Re1 {[%emt 0:00:29]} Nfd7 {[%emt 0:
03:43]} 23. Bh6 {[%emt 0:01:05]} Be7 {[%emt 0:00:02]} 24. Rd1 {[%emt 0:00:14]}
f6 {[%emt 0:04:24]} 25. h4 {[%emt 0:01:34]} Bb7 {[%emt 0:00:02]} 26. h5 {
[%emt 0:00:11]} Kf7 {[%emt 0:00:20]} 27. Nh4 {[%emt 0:03:23]} Rg8 {[%emt 0:02:
02]} 28. Qf3 {[%emt 0:00:45]} Nb6 {[%emt 0:00:51]} 29. Be3 {[%emt 0:00:34]}
Nba4 {[%emt 0:00:55]} 30. Bc1 {[%emt 0:00:23]} Qe6 {[%emt 0:00:10]} 31. Qe3 {
[%emt 0:00:19]} Qg4 {[%emt 0:00:02]} 32. Nf3 {[%emt 0:00:01]} gxh5 {[%emt 0:00:
22]} 33. Kf1 {[%emt 0:00:19]} Bc8 {[%emt 0:00:17]} 34. Ke2 {[%emt 0:00:11]} h4
35. Nf5 {[%emt 0:00:03]} Bxf5 {[%emt 0:00:14]} 36. exf5 {[%emt 0:00:02]} e4 {
[%emt 0:00:03]} 37. Rd4 {[%emt 0:00:30]} exf3+ {[%emt 0:00:15]} 38. gxf3 {
[%emt 0:00:01]} Qg5 {[%emt 0:00:05]} 39. Rf4 {[%emt 0:00:18]} Bd6 {[%emt 0:00:
03]} 40. Qd4 {[%emt 0:00:01]} Bxf4 {[%emt 0:00:13]} 41. Bxf4 {[%emt 0:00:04]}
Re8+ {[%emt 0:00:03]} 42. Kf1 {[%emt 0:00:02]} Qh5 {[%emt 0:00:26]} 43. Qd5+ {
[%emt 0:00:24]} Kg7 {[%emt 0:00:01]} 44. Bd6 {[%emt 0:00:15]} h3 {[%emt 0:00:
06]} 45. Bxc5 {[%emt 0:00:16]} Nxc5 {[%emt 0:00:02]} 46. Qxc5 h2 {[%emt 0:00:
04]} 47. Qc7+ {[%emt 0:00:02]} Kh8 {[%emt 0:00:06]} 0-1